Sports Quiz

Random Sports or Baseball Quiz

MLB #1 Draft Picks Quiz Stats

 Plays Quiz Updated Feb 22, 2019

Score 0/55 Timer 08:00
3 Plays Today
Year Player % Correct
2009Stephen Strasburg
61.7%
1987Ken Griffey, Jr.
59.1%
2007David Price
58.8%
1993Alex Rodriguez
58.4%
2005Justin Upton
57.1%
2001Joe Mauer
53.1%
2012Carlos Correa
49.3%
1990Chipper Jones
49.1%
2010Bryce Harper
45.8%
2015Dansby Swanson
43.5%
2013Mark Appel
41.7%
1999Josh Hamilton
39.1%
2018Casey Mize
37.6%
2019Adley Rutschman
33.3%
2016Mickey Moniak
30.5%
1980Darryl Strawberry
29.9%
2003Delmon Young
29.8%
2000Adrián González
28.7%
2017Royce Lewis
28.5%
2008Tim Beckham
26.6%
2014Brady Aiken
26.2%
2006Luke Hochevar
25.6%
2004Matt Bush
23.3%
1998Pat Burrell
23.3%
1991Brien Taylor
23%
1997Matt Anderson
19.1%
1994Paul Wilson
16.6%
2002Bryan Bullington
16.4%
Year Player % Correct
2011Gerrit Cole
15.7%
1989Ben McDonald
13.5%
1992Phil Nevin
13.3%
1996Kris Benson
12%
1995Darin Erstad
11.3%
1982Shawon Dunston
10.8%
1965Rick Monday
10.7%
1978Bob Horner
10.3%
1985B.J. Surhoff
9.6%
1969Jeff Burroughs
9.1%
1977Harold Baines
8.6%
1973David Clyde
8.2%
1988Andy Benes
7.9%
1986Jeff King
7.6%
1984Shawn Abner
7.3%
1981Mike Moore
6.9%
1966Steve Chilcott
5.5%
1983Tim Belcher
4.8%
1971Danny Goodwin
4.7%
1975Danny Goodwin
4.7%
1976Floyd Bannister
4.7%
1972Dave Roberts
4.4%
1967Ron Blomberg
4.2%
1974Bill Almon
4%
1968Tim Foli
3.6%
1979Al Chambers
3.6%
1970Mike Ivie
3%

You're not logged in!

Compare scores with friends on all Sporcle quizzes.
OR
Log In

Sporcle TV

Today on Sporcle TV


Watch our educational content, quiz creation guides, and fun videos on Sporcle TV.

Show Comments

Extras

Top Quizzes Today


Score Distribution

Your Account Isn't Verified!

In order to create a playlist on Sporcle, you need to verify the email address you used during registration. Go to your Sporcle Settings to finish the process.

Report this User

Report this user for behavior that violates our Community Guidelines.

Details: